00241nam a2200097Ia 4500008004100000082000800041100001500049245005800064942000600122999001500128240331s9999 xx 000 0 und d bROB aRoberts, M 0aNarrating Tamil nationalism subjectivities and issues cL c2035d2035